000 00397nam a2200145 4500
001 122526
003 ES-MaACL
005 20230906192007.0
007 t|
008 070214s1909 sp r ||||1| spa d
245 0 3 _aEl puerto de la Luz en Gran Canaria.
260 _aLas Palmas :
_b[s.n.],
_c1909 (
_fTip. `Diario`)
300 _a75 p. :
_bil. ;
_c28 cm.
852 _aES-MaACL
_j1678-F-14
_bR.4865
999 _c122526
_d122526